| 000 | 00381pam a2200145 i 4500 | ||
|---|---|---|---|
| 020 | _a013542738X | ||
| 040 | _cDLC | ||
| 082 | 0 | 0 | _a339 PRE 1978 A069 Or. |
| 100 | 1 | _aAlbrecht, William P. | |
| 245 | 1 | 0 | _aMacroeconomic principles / |
| 260 |
_aEnglewood Cliffs, N.J. : _bPrentice-Hall, _cc1979. |
||
| 300 |
_aix, 406 p. : _bill. ; _c24 cm. |
||
| 650 | 0 | _aMacroeconomics. | |
| 942 | _cEK | ||
| 999 |
_c14642 _d14642 |
||